000 01046nam a2200253Ia 4500
999 _c56049
_d56049
001 23149
003 GE_BSU
005 20230716134130.0
008 181216s2006||||ge |||||||||||||| ||geo||
020 _a99940-0-340-2
040 _cGE_BSU
041 _ageo
080 _a821.134.2(861)-31
100 _aგარსია მარკესი, გაბრიელ
_919350
245 _aმარტოობის ასი წელიწადი :
_bრომანი /
_cგაბრიელ გარსია მარკესი ; ესპ. თარგმნა ელზა ახვლედიანმა.
250 _aმე-3 გამოცემა
264 _aთბილისი :
_bსიესტა,
_c2006.
300 _a471 გვ. ;
_c20 სმ
541 _h14ლ. 50თ.
653 _aმარტოობის ასი წელიწადი
653 _aრომანი
700 _aახვლედიანი, ელზა
_eმთარგმნელი
_919351
942 _cBK
_2udc